Diseño gráfico: Fundamentos y prácticas.

Kaydedildi:
Detaylı Bibliyografya
Yazar: Dabner, David (autor)
Diğer Yazarlar: Stewart, Sandra (autora), Zempol, Eric (autor)
Materyal Türü: Kitap
Dil:İspanyolca
Baskı/Yayın Bilgisi: Barcelona, España: Blume, 2015.
Edisyon:Primera edición en lengua española.
Konular:
Etiketler: Etiketle
Etiket eklenmemiş, İlk siz ekleyin!

MARC

LEADER 00000cam a2200000 a 4500
001 UCC0378
003 CL-VaPUC
005 20250407202433.0
008 170811t20150000sp |||||||||||||||||spa|d
999 |c 369230  |d 369228 
020 |a 978-84-16138-24-1 
040 |c Pontificia Universidad Católica de Valparaíso 
082 0 4 |a 741.6 DAB 2015  |2 21 
100 0 |a Dabner, David  |e autor  |9 594318 
245 1 0 |a Diseño gráfico:  |b Fundamentos y prácticas. 
250 |a Primera edición en lengua española. 
260 |a Barcelona, España:  |b Blume,  |c 2015. 
300 |a 208 páginas:  |b ilustraciones. 
500 |a c.1-c.3. Instituto Arcos.08-01-2025. 
583 |a last modification  |c 20170811 15:21:00  |k Rodrigo Vera 
650 0 |a Diseño gráfico  |9 266874 
650 0 |a Diseño tipográfico   |9 566219 
700 0 |a Stewart, Sandra  |e autora  |9 594319 
700 0 |a Zempol, Eric  |e autor  |9 594320 
942 |c BK  |2 ddc  |n 0 
945 |d 20170811 15:21:00  |a dcastane 
952 |0 0  |1 0  |2 ddc  |4 0  |6 741_600000000000000_DAB_2015  |7 0  |8 A  |9 600835  |a BIBINC  |b BIBINC  |d 2025-03-10  |e Instituto Arcos  |i 5665701  |l 1  |m 1  |o 741.6 DAB 2015  |p 5665701  |r 2025-04-02  |s 2025-03-19  |t 1  |w 2025-03-10  |y BK  |k IFP 
952 |0 0  |1 0  |2 ddc  |4 0  |6 741_600000000000000_DAB_2015  |7 0  |8 A  |9 600836  |a BIBINC  |b BIBINC  |d 2025-03-10  |e Instituto Arcos  |i 5665702  |o 741.6 DAB 2015  |p 5665702  |r 2025-03-10  |t 2  |w 2025-03-10  |y BK  |k IFP 
952 |0 0  |1 0  |2 ddc  |4 0  |6 741_600000000000000_DAB_2015  |7 0  |8 A  |9 600837  |a BIBINC  |b BIBINC  |d 2025-03-10  |e Instituto Arcos  |i 5665703  |o 741.6 DAB 2015  |p 5665703  |r 2025-03-10  |t 3  |w 2025-03-10  |y BK  |k IFP